[Event "Brescia op"]
[Site "Brescia"]
[Date "2009.06.11"]
[Round "6"]
[White "Brunello, Marina"]
[Black "Ignacz, Maria"]
[Result "0-1"]
[WhiteElo "2166"]
[BlackElo "2197"]
[PlyCount "23"]
[EventDate "2009.06.06"]
[EventType "swiss"]
[EventRounds "9"]
[EventCountry "ITA"]
[SourceTitle "EXT 2010"]
[Source "ChessBase"]
[SourceDate "2010.11.25"]
[SourceVersion "1"]
[SourceVersionDate "2010.11.25"]
[SourceQuality "1"]

1. e4 c5 2. c3 d5 3. exd5 Qxd5 4. d4 Nf6 5. Nf3 e6 6. Be2 Nc6 7. 0-0 Be7 8. Be3 cxd4 9. cxd4 0-0 10. Nc3 Qa5 11. Bc1 Bb4 12. Qb3 0-1

[Event "Brescia op"]
[Site "Brescia"]
[Date "2009.06.07"]
[Round "2"]
[White "Ignacz, Maria"]
[Black "Bertani, Gianfranco"]
[Result "1/2-1/2"]
[WhiteElo "2197"]
[BlackElo "2102"]
[PlyCount "131"]
[EventDate "2009.06.06"]
[EventType "swiss"]
[EventRounds "9"]
[EventCountry "ITA"]
[SourceTitle "EXT 2010"]
[Source "ChessBase"]
[SourceDate "2010.11.25"]
[SourceVersion "1"]
[SourceVersionDate "2010.11.25"]
[SourceQuality "1"]

1. d4 f5 2. c4 Nf6 3. g3 e6 4. Bg2 d5 5. Nf3 c6 6. 0-0 Be7 7. Nbd2 0-0 8. Ne5 Nbd7 9. Ndf3 Ne4 10. Qc2 Qe8 11. Nxd7 Bxd7 12. Ne5 Rd8 13. Be3 g5 14. f3 Nf6 15. Qc1 Qh5 16. b3 f4 17. Bf2 Qh6 18. Qd2 Qg7 19. Rae1 Bc8 20. e4 dxe4 21. fxe4 Ne8 22. Qc1 Bd6 23. gxf4 gxf4 24. Bh4 Bxe5 25. dxe5 Rd7 26. Rxf4 Qxe5 27. Rxf8+ Kxf8 28. Rf1+ Kg8 29. Bg3 Qd4+ 30. Kh1 Qd2 31. Qa3 Rf7 32. Rxf7 Kxf7 33. Qxa7 Qd1+ 34. Qg1 Qxg1+ 35. Kxg1 Kf6 36. e5+ Kg5 37. b4 Ng7 38. Be4 Nf5 39. Kf2 Kg4 40. c5 h5 41. Bf3+ Kg5 42. h3 Nxg3 43. Kxg3 h4+ 44. Kf2 Kf4 45. a4 Kxe5 46. Ke3 Bd7 47. a5 Kf6 48. Bg4 Ke5 49. Bf3 Kf6 50. b5 Bc8 51. bxc6 bxc6 52. Bxc6 Ba6 53. Kf4 Bc8 54. Bb5 e5+ 55. Ke3 Ke7 56. a6 Kd8 57. a7 Bb7 58. c6 Ba8 59. Ke4 Kc7 60. Kxe5 Kb6 61. Kd6 Bxc6 62. Bxc6 Kxa7 63. Kc7 Ka6 64. Bb7+ Ka7 65. Bc8 Ka8 66. Kd7 1/2-1/2

[Event "HUN-chT2 Charousek 0809"]
[Site "Hungary"]
[Date "2008.11.02"]
[Round "2"]
[White "Bubits, Bence"]
[Black "Ignacz, Maria"]
[Result "1/2-1/2"]
[WhiteElo "2034"]
[BlackElo "2227"]
[PlyCount "54"]
[EventDate "2008.10.26"]
[EventType "team-tourn"]
[EventRounds "11"]
[EventCountry "HUN"]
[SourceTitle "EXT 2010"]
[Source "ChessBase"]
[SourceDate "2010.11.25"]
[SourceVersion "1"]
[SourceVersionDate "2010.11.25"]
[SourceQuality "1"]
[WhiteTeam "Csuti II"]
[BlackTeam "Aquaprofit II"]
[WhiteTeamCountry "HUN"]
[BlackTeamCountry "HUN"]

1. d4 Nf6 2. g3 e6 3. Bg2 d5 4. Nf3 Nbd7 5. 0-0 Be7 6. c4 0-0 7. Nc3 c6 8. b3 b6 9. Bf4 Bb7 10. Ne5 Rc8 11. Rc1 Nxe5 12. Bxe5 Qd7 13. e4 Rfd8 14. exd5 cxd5 15. Bxf6 Bxf6 16. cxd5 exd5 17. Qd3 g6 18. Ne2 Rxc1 19. Rxc1 Rc8 20. Rxc8+ Qxc8 21. h4 Ba6 22. Qd2 Bxe2 23. Qxe2 Qe6 24. Qd2 Qg4 25. Bxd5 Bxd4 26. Kg2 Bf6 27. Bf3 Qe6 1/2-1/2

[Event "HUN-chT U18"]
[Site "Miskolc"]
[Date "2008.10.30"]
[Round "6.2"]
[White "Tesik, Csaba"]
[Black "Ignacz, Maria"]
[Result "1-0"]
[WhiteElo "2093"]
[BlackElo "2227"]
[PlyCount "117"]
[EventDate "2008.10.27"]
[EventType "team-swiss"]
[EventRounds "8"]
[EventCountry "HUN"]
[SourceTitle "EXT 2016"]
[Source "ChessBase"]
[SourceDate "2015.10.08"]
[SourceVersion "1"]
[SourceVersionDate "2015.10.08"]
[SourceQuality "1"]

1. e4 c5 2. Nf3 d6 3. d4 cxd4 4. Nxd4 Nf6 5. Nc3 Nc6 6. Bg5 e6 7. Qd2 a6 8. 0-0-0 Be7 9. Nb3 b5 10. f3 Bb7 11. h4 h6 12. Be3 Rc8 13. Be2 Ne5 14. g4 Nfd7 15. g5 Nb6 16. Na5 Ba8 17. Qd4 Nbd7 18. Nb3 Qc7 19. Kb1 Nb8 20. f4 Nbc6 21. Qd2 Nc4 22. Bxc4 bxc4 23. Nd4 Rb8 24. Ka1 Qb7 25. Rb1 hxg5 26. Nxc6 Qxc6 27. hxg5 Rxh1 28. Rxh1 Kd7 29. Qd4 Bf8 30. Bc1 Rc8 31. Rh7 Qc5 32. Be3 Qc6 33. a3 Re8 34. Qd2 Kc8 35. Qh2 Qd7 36. Qd2 Bc6 37. Qd4 d5 38. Qb6 Bb7 39. Bd4 Rd8 40. exd5 exd5 41. Rh8 Qd6 42. Qa7 Qc6 43. Be5 Kd7 44. Na4 Ke6 45. Rxf8 Rxf8 46. Nc5+ Ke7 47. Nxb7 Ke6 48. Nc5+ Kf5 49. Qe7 Re8 50. Qxf7+ Kg4 51. Nd7 Qe6 52. Qxg7 Re7 53. Nf6+ Kf3 54. Qh6 d4 55. Qh1+ Ke3 56. Nd5+ Kd2 57. Qg2+ Ke1 58. Nxe7 Qxe7 59. Bxd4 1-0

[Event "HUN-chT U18"]
[Site "Miskolc"]
[Date "2008.10.28"]
[Round "2.3"]
[White "Farkas, Gabor"]
[Black "Ignacz, Maria"]
[Result "0-1"]
[WhiteElo "1941"]
[BlackElo "2227"]
[PlyCount "44"]
[EventDate "2008.10.27"]
[EventType "team-swiss"]
[EventRounds "8"]
[EventCountry "HUN"]
[SourceTitle "EXT 2016"]
[Source "ChessBase"]
[SourceDate "2015.10.08"]
[SourceVersion "1"]
[SourceVersionDate "2015.10.08"]
[SourceQuality "1"]

1. d4 Nf6 2. c4 e6 3. Nc3 Bb4 4. Qc2 0-0 5. a3 Bxc3+ 6. Qxc3 b6 7. f3 d5 8. Bg5 c6 9. e3 Bb7 10. Bd3 Nbd7 11. Ne2 Re8 12. f4 Rc8 13. 0-0 c5 14. Rac1 Qc7 15. Qc2 Qc6 16. Rf3 dxc4 17. Bxc4 b5 18. Ba2 Qb6 19. Rh3 cxd4 20. Qd3 Rxc1+ 21. Nxc1 Qc6 22. Qd2 Ne4 0-1

[Event "HUN-chT U18"]
[Site "Miskolc"]
[Date "2008.10.27"]
[Round "1.3"]
[White "Ignacz, Maria"]
[Black "Suhajda, Attila"]
[Result "1-0"]
[WhiteElo "2227"]
[BlackElo "1598"]
[PlyCount "51"]
[EventDate "2008.10.27"]
[EventType "team-swiss"]
[EventRounds "8"]
[EventCountry "HUN"]
[SourceTitle "EXT 2016"]
[Source "ChessBase"]
[SourceDate "2015.10.08"]
[SourceVersion "1"]
[SourceVersionDate "2015.10.08"]
[SourceQuality "1"]

1. d4 Nf6 2. c4 c5 3. d5 b5 4. Nd2 Qa5 5. Qc2 bxc4 6. e4 Na6 7. Bxc4 Nb4 8. Qb1 Ba6 9. Ngf3 Bxc4 10. Nxc4 Qb5 11. b3 g6 12. Bb2 Bg7 13. a3 Na6 14. Qd3 Rb8 15. e5 Nh5 16. Nfd2 0-0 17. 0-0 Bh6 18. Qf3 Nc7 19. d6 Ne6 20. dxe7 Rfc8 21. Nd6 Ng5 22. Qg4 Qc6 23. Nxc8 Rxc8 24. Nc4 Nf4 25. Bc1 Nge6 26. Nd6 1-0

[Event "HUN-chT2 Charousek 0809"]
[Site "Hungary"]
[Date "2008.10.26"]
[Round "1"]
[White "Ignacz, Maria"]
[Black "Szabo, Zsolt2222"]
[Result "1/2-1/2"]
[WhiteElo "2227"]
[BlackElo "2350"]
[PlyCount "44"]
[EventDate "2008.10.26"]
[EventType "team-tourn"]
[EventRounds "11"]
[EventCountry "HUN"]
[SourceTitle "EXT 2010"]
[Source "ChessBase"]
[SourceDate "2010.11.25"]
[SourceVersion "1"]
[SourceVersionDate "2010.11.25"]
[SourceQuality "1"]
[WhiteTeam "Aquaprofit II"]
[BlackTeam "Honved"]
[WhiteTeamCountry "HUN"]
[BlackTeamCountry "HUN"]

1. d4 d5 2. c4 e6 3. Nf3 Nf6 4. g3 dxc4 5. Bg2 Bd7 6. Ne5 Nc6 7. Nxc4 Bb4+ 8. Bd2 Qe7 9. 0-0 0-0 10. Bg5 h6 11. Bc1 Rfd8 12. a3 Bd6 13. Nc3 Be8 14. e3 a6 15. Qc2 b5 16. Nd2 Rac8 17. b4 a5 18. Ne2 Qd7 19. bxa5 Nxa5 20. Qc3 Nc6 21. Nb3 Nd5 22. Qd3 Nb6 1/2-1/2

[Event "HUN-ch (Women)"]
[Site "Visegrad"]
[Date "2008.08.29"]
[Round "4.2"]
[White "Ignacz, Maria"]
[Black "Toth, Lili"]
[Result "1/2-1/2"]
[WhiteElo "2178"]
[BlackElo "2208"]
[PlyCount "98"]
[EventDate "2008.08.22"]
[EventType "k.o."]
[EventRounds "4"]
[EventCountry "HUN"]
[SourceTitle "CBM 126 Extra"]
[Source "ChessBase"]
[SourceDate "2008.11.05"]
[SourceVersion "1"]
[SourceVersionDate "2008.11.05"]
[SourceQuality "1"]

1. d4 Nf6 2. c4 e6 3. g3 d5 4. Bg2 dxc4 5. Nf3 Bd7 6. Ne5 Bc6 7. Nxc6 Nxc6 8. 0-0 Be7 9. e3 0-0 10. Qe2 Nd5 11. Qxc4 a6 12. Nc3 Na5 13. Qd3 Nb4 14. Qe2 c5 15. dxc5 Qd3 16. Qh5 g6 17. Qh6 Rfd8 18. Qf4 Nbc6 19. Na4 e5 20. Qe4 Qb5 21. Nb6 Rab8 22. Nd5 Qxc5 23. b4 Nxb4 24. Nxb4 Qxb4 25. Qxe5 Nc4 26. Qe4 b5 27. Qc2 Bf6 28. Rb1 Qd6 29. e4 Qd3 30. Qxd3 Rxd3 31. Re1 Rbd8 32. Bf4 Ne5 33. Be3 Nc4 34. Bf1 Ra3 35. Bc5 Rxa2 36. Bxc4 bxc4 37. e5 Bg7 38. Rbc1 Ra4 39. Re4 Rc8 40. Bd6 Bf8 41. Rd4 a5 42. Kg2 Bxd6 43. exd6 Rb4 44. Rc3 Kf8 45. Rd5 Rd8 46. Rxa5 Rxd6 47. Rc5 Rd4 48. Rc7 Re4 49. Kf3 Re7 1/2-1/2

[Event "HUN-ch (Women)"]
[Site "Visegrad"]
[Date "2008.08.27"]
[Round "3.2"]
[White "Ignacz, Maria"]
[Black "Schneider, Veronika"]
[Result "1/2-1/2"]
[WhiteElo "2178"]
[BlackElo "2316"]
[PlyCount "96"]
[EventDate "2008.08.22"]
[EventType "k.o."]
[EventRounds "4"]
[EventCountry "HUN"]
[SourceTitle "CBM 126 Extra"]
[Source "ChessBase"]
[SourceDate "2008.11.05"]
[SourceVersion "1"]
[SourceVersionDate "2008.11.05"]
[SourceQuality "1"]

1. d4 Nf6 2. c4 g6 3. Nf3 Bg7 4. g3 d5 5. cxd5 Nxd5 6. Bg2 Nb6 7. Nc3 Nc6 8. e3 0-0 9. 0-0 e5 10. d5 e4 11. dxc6 Qxd1 12. Rxd1 exf3 13. Bxf3 bxc6 14. a4 Be6 15. Bxc6 Rad8 16. Rxd8 Rxd8 17. Bf3 a5 18. Kf1 Bc4+ 19. Ke1 Bb3 20. Be2 Bxc3+ 21. bxc3 Bxa4 22. Bd2 Ra8 23. c4 c5 24. Rb1 Nd7 25. Bf3 Ra7 26. Bc3 Kf8 27. Kd2 Ke7 28. Bd5 f6 29. e4 Ra6 30. f4 Nb6 31. Ra1 Bb3 32. Bxa5 Nxc4+ 33. Kc3 Rxa5 34. Rxa5 Nxa5 35. Bxb3 Kd6 36. Bd5 h6 37. Ba8 g5 38. h3 Ke6 39. Kd3 Kd6 40. Bd5 f5 41. Bg8 gxf4 42. gxf4 fxe4+ 43. Kxe4 Nc6 44. Bc4 Nd4 45. f5 Ke7 46. Ke5 Nf3+ 47. Kf4 Nd4 48. Ke5 Nf3+ 1/2-1/2

[Event "HUN-ch (Women)"]
[Site "Visegrad"]
[Date "2008.08.24"]
[Round "2.1"]
[White "Madl, Ildiko"]
[Black "Ignacz, Maria"]
[Result "1/2-1/2"]
[WhiteElo "2387"]
[BlackElo "2178"]
[PlyCount "131"]
[EventDate "2008.08.22"]
[EventType "k.o."]
[EventRounds "4"]
[EventCountry "HUN"]
[SourceTitle "CBM 126 Extra"]
[Source "ChessBase"]
[SourceDate "2008.11.05"]
[SourceVersion "1"]
[SourceVersionDate "2008.11.05"]
[SourceQuality "1"]

1. e4 c5 2. Nf3 d6 3. d4 cxd4 4. Nxd4 Nf6 5. Nc3 Nc6 6. Bc4 e6 7. Be3 a6 8. Qe2 Nxd4 9. Bxd4 b5 10. Bb3 Be7 11. 0-0-0 0-0 12. e5 dxe5 13. Qxe5 Bd6 14. Qe2 Qe7 15. Kb1 Bc5 16. Bxf6 Qxf6 17. Ne4 Qe5 18. f4 Qc7 19. Nxc5 Qxc5 20. Qe4 Ra7 21. Qd4 Rc7 22. Rhe1 Qc6 23. Qd6 Qxd6 24. Rxd6 Rd7 25. Rxd7 Bxd7 26. Rd1 Bc6 27. g3 Rc8 28. Rd4 a5 29. c3 Kf8 30. Bc2 h6 31. a4 Ke7 32. axb5 Bxb5 33. Be4 Rc4 34. Rxc4 Bxc4 35. b4 axb4 36. cxb4 Kd6 37. Kc2 f6 38. Kc3 Bb5 39. Kd4 Ba6 40. Bd3 Bb7 41. Bc4 Ba8 42. Ba6 Bd5 43. Bd3 Kc6 44. Bc4 e5+ 45. fxe5 fxe5+ 46. Kd3 Bg2 47. Ke3 Kb6 48. Be2 Bc6 49. h4 Bb7 50. Bf3 Bc8 51. Be2 Bb7 52. Bc4 Bc6 53. Bd3 Bb7 54. Be2 Bc6 55. b5 Bb7 56. Bf3 Bc8 57. Bc6 Bf5 58. Kf3 g5 59. hxg5 hxg5 60. Be4 g4+ 61. Ke3 Be6 62. Bd3 Bd5 63. Be2 Kc5 64. Bxg4 Kxb5 65. Bf3 Kc5 66. Bxd5 1/2-1/2

[Event "HUN-ch (Women)"]
[Site "Visegrad"]
[Date "2008.08.23"]
[Round "1.2"]
[White "Ignacz, Maria"]
[Black "Horvath, Julia"]
[Result "1/2-1/2"]
[WhiteElo "2178"]
[BlackElo "2240"]
[PlyCount "91"]
[EventDate "2008.08.22"]
[EventType "k.o."]
[EventRounds "4"]
[EventCountry "HUN"]
[SourceTitle "CBM 126 Extra"]
[Source "ChessBase"]
[SourceDate "2008.11.05"]
[SourceVersion "1"]
[SourceVersionDate "2008.11.05"]
[SourceQuality "1"]

1. d4 Nf6 2. c4 g6 3. Nf3 Bg7 4. g3 c6 5. Bg2 0-0 6. Nc3 d5 7. Qb3 dxc4 8. Qxc4 Be6 9. Qd3 Na6 10. 0-0 Nb4 11. Qd1 a5 12. Bg5 h6 13. Bxf6 Bxf6 14. Qd2 Bg7 15. Rfd1 Qc7 16. b3 Nd5 17. Na4 Rfd8 18. Rac1 Nf6 19. Nc5 Bd5 20. Qc2 Bxf3 21. Bxf3 Nd5 22. e4 Nb4 23. Qb2 e6 24. e5 Nd5 25. Qe2 Qe7 26. h4 Rac8 27. h5 g5 28. Bg4 Ra8 29. Qe4 Nb4 30. Qb1 b6 31. Na4 Rab8 32. Bf3 c5 33. dxc5 Rxd1+ 34. Bxd1 b5 35. Nb6 Bxe5 36. Qe4 Bc7 37. a3 f5 38. Qe2 Bxb6 39. axb4 Bc7 40. bxa5 Bxa5 41. Bc2 Kf7 42. Bd3 Rc8 43. Bxb5 Rxc5 44. Rxc5 Qxc5 45. Bc4 Qd6 46. Qf3 1/2-1/2

[Event "EU-chT U18 Girls 8th"]
[Site "Szeged"]
[Date "2008.06.16"]
[Round "3"]
[White "Rapport, Jovana"]
[Black "Ignacz, Maria"]
[Result "1/2-1/2"]
[WhiteElo "2217"]
[BlackElo "2173"]
[PlyCount "114"]
[EventDate "2008.06.14"]
[EventType "team-tourn"]
[EventRounds "7"]
[EventCountry "HUN"]
[SourceTitle "EXT 2020"]
[Source "ChessBase"]
[SourceDate "2019.10.17"]
[SourceVersion "1"]
[SourceVersionDate "2019.10.17"]
[SourceQuality "1"]
[WhiteTeam "Montenegro U18 (W)"]
[BlackTeam "Hungary U18 (W)"]
[WhiteTeamCountry "MNE"]
[BlackTeamCountry "HUN"]

1. d4 Nf6 2. Nf3 e6 3. c4 b6 4. a3 Bb7 5. Nc3 d5 6. cxd5 Nxd5 7. e3 Be7 8. Bb5+ c6 9. Bd3 0-0 10. e4 Nxc3 11. bxc3 c5 12. 0-0 Ba6 13. Bxa6 Nxa6 14. Bf4 cxd4 15. cxd4 Nc7 16. Qd3 Bd6 17. Be3 Qd7 18. Rfd1 Rac8 19. a4 h6 20. g3 Rfd8 21. Nd2 Bb4 22. Nc4 Ne8 23. Qb3 Be7 24. f3 Qb7 25. Rac1 Bf6 26. Qb4 Rd7 27. Na3 Rcd8 28. Nc2 Nc7 29. Rd2 Na6 30. Qb5 Qc8 31. Rcd1 Rc7 32. Qe2 Rc4 33. Ra1 Rd7 34. Ra2 Qc6 35. a5 b5 36. Na3 Rc3 37. Nxb5 Rxe3 38. Qxe3 Qxb5 39. Kg2 Bg5 40. f4 Be7 41. d5 exd5 42. exd5 Nb4 43. Rab2 Nxd5 44. Qe4 Nb4 45. Qa8+ Kh7 46. Qe4+ f5 47. Qe2 Qc6+ 48. Qf3 Nd5 49. Rd3 Qe6 50. Re2 Qf7 51. Red2 Bb4 52. Rd1 Nf6 53. Rxd7 Nxd7 54. Qd5 Qh5 55. Qxd7 Qe2+ 56. Kh3 Qg4+ 57. Kg2 Qe2+ 1/2-1/2

[Event "EU-chT U18 Girls 8th"]
[Site "Szeged"]
[Date "2008.06.15"]
[Round "2"]
[White "Ignacz, Maria"]
[Black "Vombek, Sara"]
[Result "1-0"]
[WhiteElo "2173"]
[BlackElo "1888"]
[PlyCount "145"]
[EventDate "2008.06.14"]
[EventType "team-tourn"]
[EventRounds "7"]
[EventCountry "HUN"]
[SourceTitle "EXT 2020"]
[Source "ChessBase"]
[SourceDate "2019.10.17"]
[SourceVersion "1"]
[SourceVersionDate "2019.10.17"]
[SourceQuality "1"]
[WhiteTeam "Hungary U18 (W)"]
[BlackTeam "Slovenia U18 (W)"]
[WhiteTeamCountry "HUN"]
[BlackTeamCountry "SLO"]

1. d4 Nf6 2. c4 g6 3. Nf3 Bg7 4. g3 0-0 5. Bg2 d6 6. Nc3 c5 7. dxc5 dxc5 8. Qxd8 Rxd8 9. Bg5 Nc6 10. Nd2 Bd7 11. 0-0 h6 12. Be3 Nd4 13. Bxd4 cxd4 14. Nb5 Bc6 15. Nb3 Bxg2 16. Kxg2 e5 17. Rfd1 a6 18. Na3 Bf8 19. c5 Ne4 20. Nc4 f6 21. Nca5 Nxc5 22. Nxc5 Bxc5 23. Nxb7 Rdc8 24. Nxc5 Rxc5 25. Rac1 Rac8 26. Rxc5 Rxc5 27. Rd2 Kf7 28. e3 dxe3 29. fxe3 Ke6 30. Kf3 Rc6 31. h3 Rc4 32. Ke2 e4 33. Kd1 Rc6 34. Rc2 Rd6+ 35. Ke2 h5 36. Rc4 Ke5 37. Rc5+ Ke6 38. h4 Rb6 39. b3 Rd6 40. Ke1 f5 41. Ke2 Kf6 42. Rc8 Ke7 43. Rc4 Ke6 44. Rd4 Rc6 45. Kd2 Ke5 46. Rc4 Rd6+ 47. Ke2 Ke6 48. Rc8 Kf6 49. Rf8+ Ke7 50. Rc8 Kf6 51. Rc3 Ke6 52. b4 Kd7 53. a4 Rb6 54. Rc4 Ke6 55. Kd2 Kd5 56. Kc3 Kd6 57. Rc5 Rb8 58. Kc4 Rb6 59. b5 axb5+ 60. axb5 Kd7 61. Kd5 Rd6+ 62. Ke5 Re6+ 63. Kd4 Rb6 64. Rd5+ Kc7 65. Ke5 Rb8 66. Kf6 Rb6+ 67. Kg5 Re6 68. Rc5+ Kb6 69. Rc6+ Rxc6 70. bxc6 Kxc6 71. Kxg6 Kd6 72. Kxf5 Kd5 73. Kf4 1-0

[Event "Mitropa Cup (Women)"]
[Site "Olbia"]
[Date "2008.06.01"]
[Round "8.1"]
[White "Ignacz, Maria"]
[Black "Ragger, Anna Christina"]
[Result "1-0"]
[WhiteElo "2173"]
[BlackElo "2192"]
[PlyCount "45"]
[EventDate "2008.05.25"]
[EventType "team-tourn"]
[EventRounds "5"]
[EventCountry "ITA"]
[SourceTitle "CBM 124 Extra"]
[Source "ChessBase"]
[SourceDate "2008.07.03"]
[SourceVersion "1"]
[SourceVersionDate "2008.07.03"]
[SourceQuality "1"]
[WhiteTeam "Hungary"]
[BlackTeam "Austria"]
[WhiteTeamCountry "HUN"]
[BlackTeamCountry "AUT"]

1. d4 Nf6 2. c4 e6 3. g3 d5 4. Bg2 Be7 5. Nf3 0-0 6. 0-0 dxc4 7. Qc2 a6 8. Qxc4 b5 9. Qc2 Bb7 10. Bd2 Be4 11. Qc1 Qc8 12. Bf4 Nd5 13. Nbd2 Nxf4 14. gxf4 Bb7 15. Nb3 Nd7 16. Qc2 f5 17. Rfc1 Bd6 18. Ne5 Bxg2 19. Kxg2 Nb6 20. Qc6 Qd8 21. Nc5 Qh4 22. Qf3 Nd5 23. Nxe6 1-0

[Event "HUN-chT 0708"]
[Site "Hungary"]
[Date "2008.03.16"]
[Round "8"]
[White "Ignacz, Maria"]
[Black "Szekeres, Robert"]
[Result "0-1"]
[WhiteElo "2223"]
[BlackElo "2238"]
[PlyCount "80"]
[EventDate "2007.10.14"]
[EventType "team"]
[EventRounds "11"]
[EventCountry "HUN"]
[SourceTitle "EXT 2009"]
[Source "ChessBase"]
[SourceDate "2008.11.26"]
[SourceVersion "1"]
[SourceVersionDate "2008.11.26"]
[SourceQuality "1"]
[WhiteTeam "Nagykanizsa"]
[BlackTeam "Statisztika"]
[WhiteTeamCountry "HUN"]
[BlackTeamCountry "HUN"]

1. d4 Nf6 2. c4 e6 3. g3 Bb4+ 4. Bd2 Qe7 5. Bg2 0-0 6. Nf3 Bxd2+ 7. Nbxd2 d6 8. e4 e5 9. d5 c5 10. 0-0 Ne8 11. Nh4 g6 12. Qc2 Ng7 13. Rae1 Nd7 14. Qc3 Nb6 15. f4 exf4 16. e5 g5 17. Nhf3 g4 18. exd6 Qd8 19. Ne5 f3 20. Rf2 f6 21. d7 Bxd7 22. Nxd7 Qxd7 23. Bf1 f5 24. b4 cxb4 25. Qxb4 Rae8 26. Rd1 f4 27. Bd3 Nh5 28. Nf1 Kh8 29. d6 Qg7 30. Qb2 Na4 31. Qxg7+ Kxg7 32. Bc2 Nc3 33. d7 Rd8 34. Rd6 Ne2+ 35. Kh1 fxg3 36. hxg3 Nhxg3+ 37. Nxg3 Nxg3+ 38. Kh2 Ne2 39. Rf1 g3+ 40. Kh3 g2 0-1

[Event "HUN-ch U20 Girls"]
[Site "Budapest"]
[Date "2008.02.25"]
[Round "8"]
[White "Kiss, Kinga"]
[Black "Ignacz, Maria"]
[Result "0-1"]
[WhiteElo "2067"]
[BlackElo "2181"]
[PlyCount "100"]
[EventDate "2008.02.18"]
[EventType "tourn"]
[EventRounds "9"]
[EventCountry "HUN"]
[SourceTitle "EXT 2011"]
[Source "ChessBase"]
[SourceDate "2010.11.26"]
[SourceVersion "1"]
[SourceVersionDate "2010.11.26"]
[SourceQuality "1"]

1. e4 g6 2. d4 Bg7 3. Nc3 c6 4. Nf3 d6 5. h3 Nd7 6. Be3 e5 7. dxe5 dxe5 8. Bc4 Ngf6 9. Qd2 0-0 10. a4 Qe7 11. 0-0 Nc5 12. Bxc5 Qxc5 13. Bb3 h6 14. Rfd1 Kh7 15. Qd6 Nd7 16. Rd2 Qxd6 17. Rxd6 Nc5 18. Rad1 a5 19. Rd8 Kg8 20. Rxf8+ Kxf8 21. Rd8+ Ke7 22. Rg8 Bf8 23. Nxe5 Nxb3 24. cxb3 Be6 25. Nc4 Bxc4 26. bxc4 Rd8 27. e5 Ke6 28. Kf1 Kxe5 29. Ke2 Kd4 30. Kd2 Kxc4+ 31. Kc2 Be7 32. Rg7 Rf8 33. Ne4 Kd5 34. f3 Ke6 35. Rh7 h5 36. g4 hxg4 37. hxg4 Rd8 38. b3 b5 39. Nc3 bxa4 40. Nxa4 Bb4 41. Rh2 Ke5 42. Nb2 Kf4 43. Nd3+ Ke3 44. Ne5 f6 45. Nxg6 Kxf3 46. Rh4 Rd2+ 47. Kc1 Rg2 48. Rh7 Rxg4 49. Nh4+ Kf4 50. Kc2 Be1 0-1

[Event "HUN-ch U20 Girls"]
[Site "Budapest"]
[Date "2008.02.20"]
[Round "3"]
[White "Ignacz, Maria"]
[Black "Hitter, Gabriela"]
[Result "1-0"]
[WhiteElo "2181"]
[BlackElo "2047"]
[PlyCount "93"]
[EventDate "2008.02.18"]
[EventType "tourn"]
[EventRounds "9"]
[EventCountry "HUN"]
[SourceTitle "EXT 2011"]
[Source "ChessBase"]
[SourceDate "2010.11.26"]
[SourceVersion "1"]
[SourceVersionDate "2010.11.26"]
[SourceQuality "1"]

1. d4 d5 2. Nf3 Nf6 3. c4 c6 4. Nc3 e6 5. e3 Nbd7 6. Bd3 dxc4 7. Bxc4 b5 8. Bb3 Bb7 9. 0-0 a6 10. Qe2 Qc7 11. e4 b4 12. Na4 c5 13. d5 0-0-0 14. dxe6 fxe6 15. Ng5 Re8 16. Be3 Qc6 17. f3 h6 18. Nh3 g5 19. Rac1 Kb8 20. Nf2 g4 21. fxg4 Nxe4 22. Nxe4 Qxe4 23. Bf4+ e5 24. Qxe4 Bxe4 25. Be3 Rc8 26. Be6 Rc7 27. Bxd7 Rxd7 28. Bxc5 Bg7 29. Bxb4 Rd4 30. Nc5 Bd5 31. Bc3 Rxg4 32. g3 Rc8 33. Nxa6+ Kb7 34. Nb4 Bc4 35. Rfe1 Bf8 36. a3 Bc5+ 37. Kg2 e4 38. Nc2 Bd3 39. Ne3 Rgg8 40. Nd5 Rcf8 41. Nf6 e3 42. Nxg8 Rf2+ 43. Kh3 Bf5+ 44. g4 Rf3+ 45. Kh4 Be6 46. Nxh6 Be7+ 47. Kh5 1-0

[Event "HUN-ch U20 Girls"]
[Site "Budapest"]
[Date "2008.02.19"]
[Round "2"]
[White "Toth, Sarolta"]
[Black "Ignacz, Maria"]
[Result "0-1"]
[WhiteElo "2125"]
[BlackElo "2181"]
[PlyCount "112"]
[EventDate "2008.02.18"]
[EventType "tourn"]
[EventRounds "9"]
[EventCountry "HUN"]
[SourceTitle "EXT 2011"]
[Source "ChessBase"]
[SourceDate "2010.11.26"]
[SourceVersion "1"]
[SourceVersionDate "2010.11.26"]
[SourceQuality "1"]

1. e4 g6 2. Nf3 Bg7 3. d4 c6 4. Bd3 d6 5. 0-0 Bg4 6. c3 e5 7. dxe5 dxe5 8. h3 Bxf3 9. Qxf3 Nf6 10. Nd2 0-0 11. Nc4 Qc7 12. Bg5 Nh5 13. Rad1 b5 14. Ne3 h6 15. Bh4 Nf4 16. Bc2 Nd7 17. Be7 Rfe8 18. Bd6 Qb7 19. Bb3 Nb6 20. Ng4 Nh5 21. Ne3 Nf6 22. Ng4 Nh5 23. Ne3 a5 24. Bc5 Ra6 25. Nf5 gxf5 26. Qxh5 a4 27. Be6 Rxe6 28. Rd8+ Kh7 29. Qxf5+ Rg6 30. h4 Bf6 31. Rf8 Kg7 32. Rd1 Ra8 33. Rxa8 Nxa8 34. Rd7 Qb8 35. h5 Rg5 36. Qe6 Qg8 37. Be3 Rxg2+ 38. Kf1 Rg1+ 39. Ke2 Kh7 40. Qf5+ Kg7 41. Bxh6+ Kxh6 42. Qxf6+ Kxh5 43. Qf5+ Kh4 44. Qf6+ Qg5 45. Qh8+ Qh5+ 46. Qxh5+ Kxh5 47. Rd8 Rb1 48. Rxa8 Rxb2+ 49. Ke3 Rxa2 50. Rc8 Rc2 51. Kd3 Rxf2 52. Rxc6 a3 53. Ra6 a2 54. c4 b4 55. c5 Rf3+ 56. Ke2 Ra3 0-1

[Event "Wch U18 Girls"]
[Site "Kemer"]
[Date "2007.11.28"]
[Round "11"]
[White "Ignacz, Maria"]
[Black "Nadirjanova, Nodira"]
[Result "0-1"]
[WhiteElo "2223"]
[BlackElo "2104"]
[PlyCount "101"]
[EventDate "2007.11.18"]
[EventType "swiss"]
[EventRounds "11"]
[EventCountry "TUR"]
[SourceTitle "CBM 121 Extra"]
[Source "ChessBase"]
[SourceDate "2008.01.10"]
[SourceVersion "1"]
[SourceVersionDate "2008.01.10"]
[SourceQuality "1"]

1. d4 d5 2. c4 dxc4 3. Nf3 Nf6 4. e3 e6 5. Bxc4 c5 6. Qe2 a6 7. dxc5 Bxc5 8. 0-0 Nc6 9. e4 b5 10. Bb3 Nd4 11. Nxd4 Qxd4 12. Bc2 Bb7 13. Nd2 Qe5 14. Nf3 Qh5 15. h3 0-0 16. Rd1 Rfd8 17. Bg5 Be7 18. Rxd8+ Rxd8 19. Rd1 Rc8 20. Bd3 h6 21. Bf4 Qc5 22. Rc1 Qb6 23. Rxc8+ Bxc8 24. e5 Nd7 25. Qe4 Nf8 26. Be3 Bc5 27. Nd4 Qc7 28. Qc6 Qxc6 29. Nxc6 Bxe3 30. fxe3 Bb7 31. Na5 Bd5 32. a4 bxa4 33. Bxa6 Nd7 34. Bb5 Nxe5 35. Bxa4 Nd3 36. Bc2 Nxb2 37. e4 Ba2 38. Nc6 Bc4 39. Nb4 Bb5 40. Kf2 Kf8 41. h4 Ke7 42. Ke3 Kd6 43. Na2 Nc4+ 44. Kf4 Ne5 45. Nc3 Bf1 46. g3 Ng6+ 47. Ke3 Ke5 48. Nd1 Ne7 49. g4 Ba6 50. Kf2 Bb5 51. Kg3 0-1